[Event "Ruhrgebiet Verbandsklasse Gruppe 2 1718"]
[Site "Germany"]
[Date "2018.04.29"]
[Round "9.4"]
[White "Zygan, Michael"]
[Black "Jedner, Volker"]
[Result "0-1"]
[WhiteElo "1777"]
[BlackElo "1823"]
[PlyCount "50"]
[EventDate "2017.09.17"]
[EventType "team-tourn"]
[EventRounds "9"]
[EventCountry "GER"]
[SourceTitle "EXT 2022"]
[Source "ChessBase"]
[SourceDate "2021.10.06"]
[SourceVersion "1"]
[SourceVersionDate "2021.10.06"]
[SourceQuality "1"]
[WhiteTeam "Sodingen/Castrop SK III"]
[BlackTeam "Hoentrop SG"]
[WhiteTeamCountry "GER"]
[BlackTeamCountry "GER"]

1. d4 d5 2. c4 e6 3. Nc3 c6 4. e4 dxe4 5. Nxe4 Bb4+ 6. Bd2 Bxd2+ 7. Qxd2 Nf6 8. Nxf6+ Qxf6 9. Nf3 0-0 10. 0-0-0 Nd7 11. Bd3 b6 12. Rhe1 h6 13. Be4 Bb7 14. Ne5 Qe7 15. Nxc6 Bxc6 16. Bxc6 Rac8 17. d5 Nb8 18. Kb1 Nxc6 19. dxc6 Rxc6 20. b3 Rfc8 21. Re3 Qg5 22. Rg3 Qf5+ 23. Kb2 b5 24. Qxh6 Qe5+ 25. Kb1 Qxg3 0-1

[Event "Ruhrgebiet Verbandsklasse Gruppe 3 1617"]
[Site "Germany"]
[Date "2016.09.25"]
[Round "2.5"]
[White "Jedner, Volker"]
[Black "Mecking, Peter"]
[Result "1-0"]
[WhiteElo "1825"]
[BlackElo "1946"]
[PlyCount "67"]
[EventDate "2016.09.04"]
[EventType "team-tourn"]
[EventRounds "9"]
[EventCountry "GER"]
[SourceTitle "EXT 2022"]
[Source "ChessBase"]
[SourceDate "2021.10.06"]
[SourceVersion "1"]
[SourceVersionDate "2021.10.06"]
[SourceQuality "1"]
[WhiteTeam "Hoentrop SG"]
[BlackTeam "Muelheim SC"]
[WhiteTeamCountry "GER"]
[BlackTeamCountry "GER"]

1. d4 Nf6 2. Nf3 d5 3. Bg5 e6 4. e3 Be7 5. Bd3 Nbd7 6. 0-0 0-0 7. c4 c5 8. cxd5 Nxd5 9. Bxe7 Qxe7 10. Nc3 b6 11. Nxd5 exd5 12. Qc2 g6 13. Bb5 Nf6 14. dxc5 bxc5 15. Rac1 c4 16. Nd4 Bb7 17. Rfd1 Ng4 18. Nf3 f5 19. Qc3 f4 20. e4 Qc5 21. Bd7 Nxf2 22. Be6+ Rf7 23. Qd4 Nxe4 24. Ne5 Qxd4+ 25. Rxd4 Ng5 26. Bxf7+ Nxf7 27. Nxf7 Kxf7 28. b3 Kf6 29. bxc4 Ke5 30. Rd2 dxc4 31. Rxc4 Bc8 32. Rd8 Bb7 33. Rxa8 Bxa8 34. Ra4 1-0

[Event "Bochum-ch"]
[Site "Bochum"]
[Date "2000.12.11"]
[Round "9"]
[White "Schreck, Roland"]
[Black "Jedner, Volker"]
[Result "1-0"]
[WhiteElo "2109"]
[BlackElo "1781"]
[PlyCount "115"]
[EventDate "2000.10.09"]
[EventType "swiss"]
[EventRounds "9"]
[EventCountry "GER"]
[SourceTitle "EXT 2006"]
[Source "ChessBase"]
[SourceDate "2005.11.24"]
[SourceVersion "1"]
[SourceVersionDate "2005.11.24"]
[SourceQuality "1"]

1. d4 d5 2. c4 e6 3. Nc3 c6 4. e4 dxe4 5. Nxe4 Nf6 6. Bg5 Be7 7. Bxf6 Bb4+ 8. Nc3 Qxf6 9. Nf3 0-0 10. Be2 c5 11. 0-0 Qe7 12. Qc2 cxd4 13. Nxd4 Nd7 14. Rad1 Nf6 15. Bf3 a6 16. a3 Bxc3 17. Qxc3 Qc7 18. Rfe1 e5 19. Nb3 Re8 20. Bd5 Rb8 21. Na5 e4 22. Qg3 Qxg3 23. hxg3 Bg4 24. Rd4 b6 25. Nb3 Rbd8 26. Bb7 Rxd4 27. Nxd4 a5 28. Nb5 Re7 29. Bd5 Kf8 30. Nc3 Bf5 31. Na4 b5 32. Nc3 bxc4 33. Bxc4 Rb7 34. Re2 Bg4 35. Rd2 Re7 36. Bb5 g6 37. Rd8+ Kg7 38. Ra8 e3 39. fxe3 Rxe3 40. Rxa5 Re5 41. Ra4 Bd1 42. Rd4 Bb3 43. Be2 Nd5 44. Re4 Re6 45. Rxe6 fxe6 46. Ne4 Bc2 47. Bf3 Nb6 48. Nd2 e5 49. Kf2 e4 50. Bxe4 Bxe4 51. Nxe4 Nc4 52. a4 Nxb2 53. a5 Nd3+ 54. Ke3 Nb4 55. g4 Kf7 56. g5 Ke7 57. g4 Kf7 58. Nc5 1-0

[Event "Bochum-ch"]
[Site "Bochum"]
[Date "2000.10.30"]
[Round "4"]
[White "Jedner, Volker"]
[Black "Schlange, Stefan"]
[Result "0-1"]
[WhiteElo "1781"]
[BlackElo "2258"]
[PlyCount "40"]
[EventDate "2000.10.09"]
[EventType "swiss"]
[EventRounds "9"]
[EventCountry "GER"]
[SourceTitle "EXT 2006"]
[Source "ChessBase"]
[SourceDate "2005.11.24"]
[SourceVersion "1"]
[SourceVersionDate "2005.11.24"]
[SourceQuality "1"]

1. d4 Nf6 2. Nf3 c5 3. d5 e6 4. Nc3 b5 5. dxe6 fxe6 6. Nxb5 d5 7. c3 a6 8. Na3 Bd6 9. Bg5 Qb6 10. Qc2 Nbd7 11. Nd2 Rb8 12. b3 0-0 13. g3 c4 14. Nab1 Ng4 15. e3 Rxf2 16. bxc4 h6 17. Bxh6 Nxh6 18. Kxf2 Ng4+ 19. Ke1 Qxe3+ 20. Kd1 Nf2+ 0-1

[Event "Bochum-ch"]
[Site "Bochum"]
[Date "1997.??.??"]
[Round "?"]
[White "Simeonidis, Marios"]
[Black "Jedner, Volker"]
[Result "0-1"]
[WhiteElo "1267"]
[BlackElo "1781"]
[PlyCount "84"]
[EventDate "1997.10.08"]
[EventType "swiss"]
[EventRounds "9"]
[EventCountry "GER"]
[SourceTitle "EXT 2006"]
[Source "ChessBase"]
[SourceDate "2005.11.24"]
[SourceVersion "1"]
[SourceVersionDate "2005.11.24"]
[SourceQuality "1"]

1. e4 d6 2. Nf3 Nf6 3. Nc3 g6 4. Bc4 Bg7 5. 0-0 0-0 6. d3 Nc6 7. a3 Bg4 8. h3 Bxf3 9. Qxf3 Ne5 10. Qd1 Nxc4 11. dxc4 c6 12. Re1 Nd7 13. Bd2 Rb8 14. Rb1 b5 15. cxb5 cxb5 16. Nd5 Ne5 17. Bc3 a5 18. f4 Nc4 19. Bxg7 Kxg7 20. Qd4+ Kg8 21. e5 dxe5 22. fxe5 Nb6 23. Rbd1 Nxd5 24. Qxd5 Qb6+ 25. Kh1 Rfd8 26. Qf3 Rxd1 27. Rxd1 b4 28. Rd3 bxa3 29. bxa3 Qb1+ 30. Qd1 Qxd1+ 31. Rxd1 Rb5 32. Re1 Rc5 33. Re2 Rc3 34. a4 Rc4 35. e6 Rxa4 36. exf7+ Kxf7 37. Re1 Rc4 38. Rc1 a4 39. Kg1 a3 40. Kf2 a2 41. Ke3 Rxc2 42. Ra1 Rxg2 0-1

[Event "Bochum-ch"]
[Site "Bochum"]
[Date "1996.??.??"]
[Round "?"]
[White "Jedner, Volker"]
[Black "Burkard, Stefan"]
[Result "0-1"]
[WhiteElo "1700"]
[BlackElo "1825"]
[PlyCount "76"]
[EventDate "1996.10.??"]
[EventType "swiss"]
[EventRounds "9"]
[EventCountry "GER"]
[SourceTitle "EXT 2006"]
[Source "ChessBase"]
[SourceDate "2005.11.24"]
[SourceVersion "1"]
[SourceVersionDate "2005.11.24"]
[SourceQuality "1"]

1. d4 d6 2. Nf3 Nf6 3. Nc3 c6 4. e4 Qc7 5. Bd3 e5 6. 0-0 Be7 7. d5 h6 8. h3 g5 9. Nh2 Nbd7 10. Be2 Nf8 11. Ng4 Ng6 12. Nxf6+ Bxf6 13. Bg4 Nf4 14. Ne2 Bxg4 15. hxg4 h5 16. Ng3 cxd5 17. gxh5 0-0-0 18. exd5 Rh7 19. Ne4 Be7 20. g3 Qd7 21. Qf3 Qh3 22. Bxf4 gxf4 23. Qg2 Qxh5 24. g4 Qg6 25. f3 Rg8 26. Kf2 f5 27. Nc3 Bh4+ 28. Ke2 Bg3 29. Rh1 Rxh1 30. Rxh1 fxg4 31. Kd2 gxf3 32. Qxf3 Qg7 33. Nb5 Qd7 34. Qc3+ Kb8 35. Qb4 Rd8 36. Rh6 a6 37. Nxd6 b5 38. Ne4 Qxd5+ 0-1